Score 0/118 Timer 12:00
3 Plays Today
% Correct
I
99%
I
99%
I
99%
I
99%
I
99%
I
99%
I
99%
the
96.7%
the
96.7%
the
96.7%
a
96.7%
A
96.7%
A
96.7%
am
95%
AM
94.9%
am
94.9%
Who
94.3%
Who
94.3%
who
94.3%
who
94.3%
you
91.1%
you
91.1%
you
91.1%
you
91.1%
you,
91.1%
you
91.1%
you
91.1%
you
91.1%
you
91.1%
you
91.1%
one
91%
knocks!
90.5%
Do
88.5%
Do
88.5%
on
88.4%
think
83.2%
think
83.2%
to
83%
to
83%
to
83%
% Correct
to,
83%
are
82.9%
me.
80.1%
me
80.1%
me?
80.1%
No,
79.4%
No.
79.4%
danger,
76.1%
danger!
76.1%
know
75.3%
know
75.3%
know
75.3%
in
73.2%
is
72.7%
in.
71.8%
in
71.8%
that
71.5%
that
71.5%
it
70.3%
it.
70.3%
it
70.3%
It
70.3%
talking
69.6%
talking
69.6%
Skyler.
68.2%
not
67.7%
what
67.5%
and
66.8%
and
66.8%
door
66.7%
be
64.9%
to
64.1%
of
63.7%
now?
60.8%
don't
60.1%
right
59.7%
how
58.8%
you're
56.5%
see?
55.8%
if
55.6%
% Correct
if
55.6%
so
55.3%
shot
53.4%
guy
52.7%
would
52.5%
much
52.1%
make
51.3%
gets
50.8%
opens
50.1%
his
49.5%
could
49.4%
happen
49.1%
year?
48.5%
let
46.8%
believe
45.4%
work?
44.7%
told
44.1%
up.
43.7%
wouldn't
43.5%
going
43.4%
stop
43%
big
42.1%
business
41.7%
even
40.8%
enough
40%
clearly
39.4%
NASDAQ
39.1%
clue
38.7%
decided
38.7%
goes
37.6%
listed
37.5%
belly
36.2%
without
32.8%
suddenly
32.5%
exist
32.2%
ceases
31%
mean,
27.8%
Disappears!
23.3%
Remove Ads.
Support Sporcle.
Get the best of Sporcle when you Go Orange. This ad-free experience offers more features, more stats, and more fun while also helping to support Sporcle. Thank you for becoming a member.

You're not logged in!

Compare scores with friends on all Sporcle quizzes.
OR
Log In

Show Comments

Extras

Top Quizzes Today


Score Distribution

Your Account Isn't Verified!

In order to create a playlist on Sporcle, you need to verify the email address you used during registration. Go to your Sporcle Settings to finish the process.

Report this User

Report this user for behavior that violates our Community Guidelines.

Details: